Goleadores del Madrid en el siglo XXI A-Z - Estadísticas

Estadísticas generales
  • Esta prueba ha sido intentada 47 veces
  • La puntuación promedio es 15 de 23
Estadísticas de respuestas
Letra Jugadores % Correcto
B Benzema / Bale / Bellingham / Beckham / Bortolini / Borja / Baptista / Brahim / Balboa
97%
R Ronaldo / Raúl / Rodrygo / R. Carlos / Robben / Robinho / Reyes / R. Bravo / Rüdiger
97%
C Casemiro / Cannavaro / Carvajal / Carvalho / Coentrao / Chicharito / Camavinga / Ceballos +4
95%
M Morientes / Mbappé / Modrić / Marcelo / Morata / Metzelder / Mariano / Militão / Mendy +7
95%
V Vinicius / V. Nistelrooy / Valverde / Varane / Van der Vaart / Vallejo
92%
H Hierro / Higuaín / Hazard / Helguera / Heinze / Huntelaar / Hakimi / Hamit Altintop / Huijsen
89%
K Kaká / Khedira / Kroos / Kovacic
89%
G Guti / Gago / Granero / Gravesen / Garay / Gonzalo
87%
A Asensio / Albiol / Arbeloa / Alaba / Arda Güller / A. Carreras / Asencio
84%
J James / Jesé / Joselu / Jovic
71%
S Sergio Ramos / Solari / Sneijder / Soldado / Sávio / Samuel / Saviola / Sahin
71%
D Di María / Diarra / Danilo / Drenthe / De la Red
68%
F Figo / F. Conceição / Fran García
66%
Z Zidane
63%
I Isco / Illarramendi
58%
P Pepe / Portillo / Pavón / P. garcía / P. León
55%
O Özil / Odriozola / Owen
53%
L Lucas V.
45%
T Tchouaméni / Theo
45%
N Nacho / Núñez
34%
X Xabi alonso
34%
E Endrick / Emerson
26%
W Woodgate
16%
No se encontraron pruebas coincidentes
Distribución de puntuación
Porcentaje de gente con cada puntuación
Porcentaje por número respondido
Historial de tus puntuaciones
No has intentado esta prueba.